Visualizzazione normale
Vista MARC
- Buscaglione Fred
di Personal Name
Records bibliografici associati: 1
001 - CONTROL NUMBER
- control field: 11468
003 - CONTROL NUMBER IDENTIFIER
- control field: IT-RoPau
005 - DATE AND TIME OF LATEST TRANSACTION
- control field: 20140129121958.0
008 - FIXED-LENGTH DATA ELEMENTS
- fixed length control field: 140129|| aca||aabn | a|a d
040 ## - CATALOGING SOURCE
- Original cataloging agency: IT-RoPau
- Transcribing agency: IT-RoPau
100 ## - HEADING--PERSONAL NAME
- Personal name: Buscaglione Fred
- Miscellaneous information: Codice autore testo/musica SPICS: 1133
- Relator term: Autore testo/musica
- Name of part/section of a work: Tchumbala Bey
670 ## - SOURCE DATA FOUND
- Source citation: Work cat.: (IT-RoPau)99582: AA.VV. 794, Grandi successi (I)-Gino Latilla